Expansion of aryan Culture in eastern India (Record no. 1397410)

MARC details
000 -LEADER
fixed length control field 00777nam a2200289Ia 4500
008 - FIXED-LENGTH DATA ELEMENTS--GENERAL INFORMATION
fixed length control field 160716s9999||||xx |||||||||||||| ||und||
040 ## - CATALOGING SOURCE
Transcribing agency English
082 ## - DEWEY DECIMAL CLASSIFICATION NUMBER
Classification number XI.B/Majumdar
082 ## - DEWEY DECIMAL CLASSIFICATION NUMBER
Item number BORI-60981
100 ## - MAIN ENTRY--PERSONAL NAME
Personal name Ramesh Chandra Majumdar
245 ## - TITLE STATEMENT
Title Expansion of aryan Culture in eastern India
260 ## - PUBLICATION, DISTRIBUTION, ETC. (IMPRINT)
Place of publication, distribution, etc Manipur
260 ## - PUBLICATION, DISTRIBUTION, ETC. (IMPRINT)
Name of publisher, distributor, etc Sai Sharma
260 ## - PUBLICATION, DISTRIBUTION, ETC. (IMPRINT)
Date of publication, distribution, etc 1968
300 ## - PHYSICAL DESCRIPTION
Extent vi+52
300 ## - PHYSICAL DESCRIPTION
Dimensions B
300 ## - PHYSICAL DESCRIPTION
Accompanying material Paperbook
530 ## - ADDITIONAL PHYSICAL FORM AVAILABLE NOTE
Uniform Resource Identifier <a href="00060981.pdf">00060981.pdf</a>
563 ## - BINDING INFORMATION
Binding note Study
600 ## - SUBJECT ADDED ENTRY--PERSONAL NAME
Personal name Ramesh Chandra Majumdar
630 ## - SUBJECT ADDED ENTRY--UNIFORM TITLE
Uniform title Expansion of aryan Culture in eastern India
650 ## - SUBJECT ADDED ENTRY--TOPICAL TERM
Topical term or geographic name as entry element "Social History,Culture"
650 ## - SUBJECT ADDED ENTRY--TOPICAL TERM
Topical term or geographic name as entry element General Indology
700 ## - ADDED ENTRY--PERSONAL NAME
Personal name Ramesh Chandra Majumdar
730 ## - ADDED ENTRY--UNIFORM TITLE
Uniform title Expansion of aryan Culture in eastern India
942 ## - ADDED ENTRY ELEMENTS (KOHA)
Koha item type Book
Holdings
Withdrawn status Lost status Damaged status Not for loan Home library Current library Date acquired Cost, normal purchase price Total Checkouts Full call number Barcode Date last seen Cost, replacement price Price effective from Koha item type
        Bhandarkar Oriental Research Institute, Pune Bhandarkar Oriental Research Institute, Pune 05/05/1989 4.00   BORI-60981 BORI-60981 07/15/2016 4.00 07/15/2016 Book